Sports Quiz

Random Sports or MLB Quiz

Purple Big 4 Teams Quiz Stats

 Plays Quiz Updated May 6, 2015

Challenge
Share
Tweet
Embed
Score 0/7 Timer 02:00
2 Plays Today
League Team % Correct
NFLMinnesota Vikings
88.6%
MLBColorado Rockies
74.1%
NFLBaltimore Ravens
73.8%
NBALos Angeles Lakers
72.9%
NBASacramento Kings
64.2%
NBACharlotte Hornets
47.1%
NBAPhoenix Suns
45.9%

You're not logged in!

Compare scores with friends on all Sporcle quizzes.
Join for Free
OR
Log In

You Might Also Like...

Show Comments

Extras

Top Quizzes Today


Score Distribution

Your Account Isn't Verified!

In order to create a playlist on Sporcle, you need to verify the email address you used during registration. Go to your Sporcle Settings to finish the process.

Report this User

Report this user for behavior that violates our Community Guidelines.

Details: